Normal view
MARC view
Entry Topical Term
001 - CONTROL NUMBER
- control field: 69929
003 - CONTROL NUMBER IDENTIFIER
- control field: OSt
005 - DATE AND TIME OF LATEST TRANSACTION
- control field: 20180106123552.0
008 - FIXED-LENGTH DATA ELEMENTS
- fixed length control field: 180106|| aca||aabn | a|a d
040 ## - CATALOGING SOURCE
- Original cataloging agency: OSt
- Transcribing agency: OSt
150 ## - HEADING--TOPICAL TERM
- Topical term or geographic name entry element: साहित्य
670 ## - SOURCE DATA FOUND
- Source citation: Work cat.: (OSt)48229: कोचर ,उपध्यानचन्द्र 69928, कही खो न जाये, 2009









